1172 1184 1045 1475 1516 1815 1422 1783 1577 1102 1030 1364 1438 1295 1766 1187 1681 1107 1308 1540 1974 1255 1730 1254 1205 1140 1921 1254 1070 1445 1294 1775 1003 1701 1465 1135 1597 1835 1430 1633 1445 1871 1278 1725 1673 1185 1802 1942 1842 1116 1885 1746 1644 1808 1669 1709 1214 1479 1703 1841 1373 1344 1986 1981 1929 1134 1350 1293 1460 1067 1541 1243 1354 1248 1926 1434 1114 1475 1063 1926 1553 1804 1940 1898 1198 1530 1740 1495 1495 1151 1831 1721 1363 1043 1651 1417 1030 1108 1318 BCNSPRNW ULIB Ver.6.0+V

เปลี่ยนเป็นภาษาไทย

Change to English
 แสดงรายละเอียดบรรณานุกรม
  กลับหน้าหลัก

Brief Record : Get Marc (ISO 2709) : E-mail record : QR code < ปิดหน้าต่าง
LEADER : 00000nam 2200000uu 4500
001    13399111031
003     ULIB
008    110615s2551||||th 000 0 tha d
020    9743483479
060  4 WY18.2^bพ953ท 2551
110 1  เพื่อนช่วยจำ
245 00 ทบทวนการพยาบาลผู้ใหญ่ ANR=^bAdult nursing review/^cเพื่อนช่วยจำ
246 0  Adult nursing review
260    กรุงเทพฯ:^bเพื่อนช่วยจำ,^c2551
300    202 หน้า
650  7 การพยาบาลผู้ใหญ่^xข้อสอบ
710 1  เพื่อนช่วยจำ
945    ^p199^l0^i15557
945    ^p199^l0^i15556
945    ^p199^l0^i15555
945    ^p199^l0^i15806
995    เกษร
999    ^aใช้งานได้ทุกระบบ
รายการนี้ยังไม่มีแท็ก
คุณยังไม่ได้ล็อกอิน คุณสามารถมีกิจกรรมร่วมกับเว็บไซต์ได้ แต่ต้องล็อกอินก่อน ::
  ล็อกอิน

รายการสื่อสารสนเทศ

ลำดับที่ ประเภท เลขเรียก/บาร์โค้ด สถานที่ สถานะ
1. วิทยาศาสตร์การแพทย์ และสุขภาพ
วิทยาศาสตร์การแพทย์ และสุขภาพ
WY18.2 พ953ท 2551 ฉ.2 
  Barcode: 15556
ห้องสมุดวิทยาเขตสวรรค์ประชารักษ์
►หนังสือทั่วไป
บนชั้น
2. วิทยาศาสตร์การแพทย์ และสุขภาพ
วิทยาศาสตร์การแพทย์ และสุขภาพ
สถานะ=หนังสือเก่า
WY18.2 พ953ท 2551 ฉ.3 
  Barcode: 15557
ห้องสมุดวิทยาเขตสวรรค์ประชารักษ์
►หนังสือทั่วไป
ถูกยืม กำหนดส่งวันที่ 4 กรกฎาคม 2568
  จอง

BibComment


ยังไม่เคยถูกคอมเมนท์

คอมเมนท์ทรัพยากรรายการนี้
  คอมเมนท์: ทบทวนการพยาบาลผู้..


 Copyright 2026. Bcnsprnw @Library